000 00526pab a2200181 454500
008 180718b2003 xxu||||| |||| 00| 0 eng d
100 _aFarazmand, Ali
245 _aPrivatization and globalization: a critical analysis with implications for public management education and training
260 _c2003
300 _ap.61-80.
362 _aOct-Dec
650 _aTraining
650 _aGlobalization
650 _aPrivatization
650 _aPublic administration
773 _aManagement in government
909 _a64595
999 _c64595
_d64595